000
00317nam a2200145Ia 4500
100
_a
None
942
_c
BK
654
_a
electronics
245
_a
TDM Pulse Code Modulation Transmitter Trainer-ST-2103 OM
260
_b
none
_a
Indore
082
_a
621.381536
300
_a
64
546
_a
ENGLISH
999
_c
34470
_d
34470